00222nam a22000857a 4500082001900000100002000019245004400039260004400083300000900127 aSNT A99 V836/5 aVivekananda Ji  aThe complete works of Swami Vivekananda aNew Delhi bSwami Bodhasarananda c2013 a577p